Szczegóły MARC21

Materiały do ćwiczeń z organizacji i zarządzania : praca zbiorowa /

003 -Nazwa inst., której nr kontr. jest w polu 001 [,]
    • @
    • Nazwa instytucji, której n kontrolny jest w polu 001
    • NUKAT
005 -DATA I CZAS OSTATNIEJ MODYFIKACJI [,]
    • @
    • pole kontrolne
    • 20241231115033.0
040 -Instytucja sporządzająca opis [ , ]
    • a
    • Instytucja, która sporządziła opis (NP)
    • KIEL 008/JK
    • c
    • Instytucja, która sporządziła rekord (NP)
    • KIEL 008/JK
    • d
    • Instytucja, która zmodyfikowała rekord (P)
    • KIEL 008/JK
942 -Rodzaj dokumentu [ , ]
    • c
    • Rodzaj dokumentu
    • Książka
245 -Strefa tytułu i oznaczenia odpowiedzialności [0,0]
    • a
    • Tytuł
    • Materiały do ćwiczeń z organizacji i zarządzania : Find
    • b
    • Ciąg dalszy tytułu (NP)
    • praca zbiorowa / Find
    • c
    • Pozostałe elementy strefy tytułu i oznaczenia odpowiedzialności (NP)
    • pod red. Janusza Jamrogi ; [aut.: Barbara Dobrodziej et al.] ; Uniwersytet Szczeciński.
260 -Strefa adresu wydawniczego [ , ]
    • a
    • Miejsce wydania (P)
    • Szczecin :
    • b
    • Nazwa wydawcy (P)
    • Wydawnictwo Naukowe Uniwersytetu Szczecińskiego,
    • c
    • Data wydania (P)
    • 1991.
300 -Strefa opisu fizycznego [ , ]
    • a
    • Określenie formy książki i/lub objętość (NP)
    • 130 s., [1] k. tabl. złoż. ;
    • c
    • Format (NP)
    • 24 cm.
336 -Typ zawartości [ , ]
    • a
    • Termin opisujący typ zawartości
    • Tekst
    • b
    • Kod określający zawartość
    • txt
    • 2
    • Źródło (terminu i kodu)
    • rdacontent
337 -Typ mediów [ , ]
    • a
    • Tryb odtwarzania
    • Bez urządzenia pośredniczącego
    • b
    • Kod typu mediów
    • n
    • 2
    • Źródło (terminu i kodu)
    • rdamedia
338 -Typ/rodzaj nośnika [ , ]
    • a
    • Hasło opisujące typ nośnika
    • Wolumin
    • b
    • Kod typu nośnika
    • nc
    • 2
    • Źródło (terminu i kodu)
    • rdacarrier
500 -Uwaga ogólna [ , ]
    • a
    • Uwaga ogólna (NP)
    • Zawiera tab.
504 -Uwaga dot. bibliogr. załącznikowej [ , ]
    • a
    • Uwaga dot. bibliografii załącznikowej
    • Bibliogr. przy rozdz.
521 -Uwaga dot. przeznaczenia czytelniczego [8, ]
    • a
    • Uwaga dot. przeznaczenia czytelniczego
    • Skrypt dla studentów kierunków ekonomicznych, prawnych, administracyjnych.
080 -Uniwersalna Klasyfikacja Dziesiętna [ , ]
    • a
    • Symbol klasyfikacji
    • 65.01(075.8)(076)
650 -Hasło przedmiotowe [ ,7]
    • a
    • Hasło przedmiotowe
    • Organizacja
    • v
    • Określnik formalny
    • podręczniki akademickie.
    • 2
    • Źródło terminu
    • kaba
    • 9
    • KHW
    • 349373
650 -Hasło przedmiotowe [ ,7]
    • a
    • Hasło przedmiotowe
    • Zarządzanie
    • v
    • Określnik formalny
    • podręczniki akademickie.
    • 2
    • Źródło terminu
    • kaba
    • 9
    • KHW
    • 352190
980 -Symbol UKD [ , ]
    • a
    • UKD
    • 65.01(075.8)(076)
700 -Hasło dodatkowe - nazwa osobowa [1, ]
    • a
    • Nazwa osobowa (NP)
    • Jamroga, Janusz Find
    • d
    • Daty biograficzne (NP)
    • (1944-1996).
    • e
    • Określenie rodzaju współpracy
    • Red.
    • 9
    • KHW
    • 68458
700 -Hasło dodatkowe - nazwa osobowa [1, ]
    • a
    • Nazwa osobowa (NP)
    • Dobrodziej, Barbara. Find
    • 9
    • KHW
    • 39107
710 -Hasło dodatkowe - nazwa ciała zbiorowego [2, ]
    • a
    • Nazwa ciała zbiorowego lub nazwa geograficzna jako pierwszy element (NP)
    • Uniwersytet Szczeciński.
    • b
    • Nazwa jednostki podrzędnej (P)
    • Wydawnictwo Naukowe.
    • 4
    • Kod relacji
    • pbl
    • 9
    • KHW
    • 51208
Status udost. Numer inwentarzowy Data inwentaryzacji Lokalizacja Sygnatura
2E.599701996-09-17BE 
2S.777221996-09-17BE 
2S.741271996-09-17BE 
2S.741281996-09-17BE 
2S.741291996-09-17BE 
2S.741301996-09-17BE 
2S.741311996-09-17BE 
2S.741341996-09-17BE 
2S.717301996-09-17BE 
2S.717311996-09-17BE 
2S.717321996-09-17BE 
2S.717331996-09-17BE 
2S.717431996-09-17BE 
2S.717441996-09-17BE 
2S.717451996-09-17BE 
2S.717461996-09-17BE 
2S.717471996-09-17BE 
2S.717481996-09-17BE 
2S.717491996-09-17BE 
2S.717501996-09-17BE 
2S.717511996-09-17BE 
2S.717521996-09-17BE 
2S.717531996-09-17BE 
2S.717541996-09-17BE 
2S.717551996-09-17BE 
2S.717561996-09-17BE 
2S.717571996-09-17BE 
2S.717581996-09-17BE 
2S.717591996-09-17BE 
2S.788751996-09-17BE 
2S.788761996-09-17BE 
2S.788771996-09-17BE 
2S.788781996-09-17BE 
2S.717341996-09-17BE 
2S.717351996-09-17BE 
2S.717361996-09-17BE 
2S.717371996-09-17BE 
2S.717381996-09-17BE 
2S.717391996-09-17BE 
2S.717401996-09-17BE 
2S.717411996-09-17BE 
2S.717421996-09-17BE 
-3S.871242000-11-03BE 
-3W.1732001996-09-17BGW.173200
1Z.802481996-09-17BGZ.80248
1SA.44431996-09-17BSASA.4443
-3TS.741321996-09-17T 
-3TS.741331996-09-17T